| 000 | 00586nam a22001937a 4500 | ||
|---|---|---|---|
| 999 |
_c9270 _d9270 |
||
| 008 | 210401b ||||| |||| 00| 0 eng d | ||
| 040 | _aBMS College of Architecture | ||
| 100 | _aMehta, Manish | ||
| 245 | _aFilm and television institute at Hessargatta (Bangalore Karnataka) | ||
| 300 | _aNA | ||
| 500 | _a1BM00AT013 | ||
| 502 |
_8B.Arch _NBMS College of Architecture, Visvesvaraya Technological University _aProject report _d2005 |
||
| 650 | _aFIlm | ||
| 650 | _aInstitute | ||
| 650 | _aHessargatta | ||
| 700 |
_aSatish Rao _eGuide |
||
| 700 |
_aJaisim _eGuide |
||
| 942 |
_2ddc _cTHE |
||